00422nam a2200133Ia 4500008004100000082001500041100004100056245008200097260003900179300001000218520001100228650002800239700002100267230907s9999||||xx |||||||||||||| ||und|| a621.3bTAY aMuhammad Tayyab Waheed (00000117884) 0aIntegrated Urban Energy Planning in Twin Cities of Islamabad and Rawalpindi / aUSPCAS-E, NUST,bIslamabad :c2019 a85 p. aTH-158 aMS-ESE Thesis MS Thesis aDr. Kafait Ullah